Garni Hotel*** - Dunajská ul., Bratislava

Saved in:
Bibliographic Details
Main Author: Minx, Vladimír, 1986- (Author)
Other Authors: Alexy, Andrej, 1965- (Thesis advisor)
Format: Manuscript Book
Language:Slovak
Published: Bratislava : STU v Bratislave FA, 2010
Subjects:
Online Access:VAIS
Tags: Add Tag
No Tags, Be the first to tag this record!

MARC

LEADER 00000ntm a22000003a 4500
001 stu218001
005 20210804080907.4
008 101201s2010----xo------------------slo-d
040 |a STU  |b slo 
041 0 |a slo 
044 |a xo 
100 1 |a Minx, Vladimír,  |d 1986-  |4 aut  |u A  |T FAD Fakulta architektúry  |X 39867  |U A  |Y 50  |7 A000039867 
242 0 0 |a Garni Hotel ***- Dunajská ulica, Bratislava  |y eng 
245 1 |a Garni Hotel*** - Dunajská ul., Bratislava 
260 |a Bratislava :  |b STU v Bratislave FA,  |c 2010 
650 7 |a architektúra a urbanizmus  |2 stusub 
650 7 |a Architecture and Urban Design  |2 estusub 
650 7 |a prostredie  |2 stusub 
650 7 |a hala  |2 stusub 
650 7 |a raňajkáreň  |2 stusub 
700 1 |a Alexy, Andrej,  |d 1965-  |4 ths  |u A4140  |U FAD Fakulta architektúry  |U FAD Fakulta architektúry  |T FA Ústav konštrukcií v architektúre a inžinierskych stavieb  |X 4185  |U A4140  |Y 395  |7 A000004185 
856 4 |a info a plný text  |u http://is.stuba.sk/zp/portal_zp.pl?podrobnosti=4838  |u https://opac.crzp.sk/?fn=detailBiblioForm&sid=4156E77560192824B2641896D6BB  |3 VAIS